[Event "DSJ Weihnachtsturnier U16: Lasker 2020"]
[Site ""]
[Date "2020.12.28"]
[Round "3"]
[White "Borodaev, Roman"]
[Black "Studzinski, Bruno"]
[Result "1-0"]
[Termination "normal"]
[Board "6.4"]
[WhiteElo "1657"]
[BlackElo "1437"]
[WhiteTeam "Karlsruher SF 1853"]
[BlackTeam "Barnimer Schachfreunde im SV Stahl Finow"]
[PlyCount "141"]
[WhiteFideId "16274881"]
[BlackFideId "16296478"]
[EventRounds "7"]
[EventType "team-swiss"]
[EventDate "2020.12.28"]

1. e4 {[%emt 0:00:05]} d5 {[%emt 0:00:02]} 2. exd5 {[%emt 0:00:01]} Qxd5 {
[%emt 0:00:01]} 3. d4 {[%emt 0:00:02]} Qd8 {[%emt 0:00:09]} 4. c4 {[%emt
0:00:04]} Bf5 {[%emt 0:00:24]} 5. Nc3 {[%emt 0:00:01]} e6 {[%emt 0:00:05]} 6.
Bd3 { [%emt 0:00:03]} Bg6 {[%emt 0:00:07]} 7. Nf3 {[%emt 0:00:03]} Nf6 {[%emt
0:00:07]} 8. Bg5 {[%emt 0:00:04]} Be7 {[%emt 0:00:02]} 9. O-O {[%emt 0:00:02]}
c6 { [%emt 0:00:03]} 10. Re1 {[%emt 0:00:06]} Nbd7 {[%emt 0:00:14]} 11. Qc2 {
[%emt 0:00:15]} Qc7 {[%emt 0:00:23]} 12. d5 {[%emt 0:00:58]} cxd5 {[%emt
0:01:05]} 13. cxd5 {[%emt 0:00:00]} exd5 {[%emt 0:01:06]} 14. Rxe7+ {[%emt
0:00:18]} Kf8 {[%emt 0:00:23]} 15. Bxf6 {[%emt 0:00:30]} gxf6 {[%emt 0:00:06]}
16. Bxg6 { [%emt 0:01:34]} hxg6 {[%emt 0:00:10]} 17. Qe2 {[%emt 0:00:09]} Qd6
{[%emt 0:00:21]} 18. Rd1 {[%emt 0:00:10]} Qxe7 {[%emt 0:00:25]} 19. Qxe7+
{[%emt 0:00:02]} Kxe7 {[%emt 0:00:03]} 20. Nxd5+ {[%emt 0:00:01]} Ke8 {[%emt
0:00:22]} 21. Nc7+ {[%emt 0:00:02]} Ke7 {[%emt 0:00:16]} 22. Nxa8 {[%emt
0:00:02]} Rxa8 {[%emt 0:00:03]} 23. Rc1 {[%emt 0:00:12]} Kd8 {[%emt 0:00:14]}
24. Nd4 {[%emt 0:00:07]} Ne5 {[%emt 0:00:35]} 25. Nb5 {[%emt 0:00:11]} a6
{[%emt 0:00:24]} 26. Nd6 { [%emt 0:00:24]} Rb8 {[%emt 0:00:12]} 27. f4 {[%emt
0:00:36]} Nd3 {[%emt 0:00:37]} 28. Rd1 {[%emt 0:00:03]} Nxf4 {[%emt 0:00:10]}
29. g3 {[%emt 0:01:43]} Ne6 {[%emt 0:01:33]} 30. Nxf7+ {[%emt 0:00:44]} Ke7
{[%emt 0:00:09]} 31. Nh6 { [%emt 0:00:01]} Rc8 {[%emt 0:00:15]} 32. Rd2 {[%emt
0:00:07]} Rc1+ {[%emt 0:00:12]} 33. Kg2 {[%emt 0:00:01]} Ra1 {[%emt 0:00:03]}
34. a3 {[%emt 0:00:02]} Rc1 {[%emt 0:00:06]} 35. Ng4 {[%emt 0:00:03]} Rc4
{[%emt 0:00:06]} 36. Ne3 { [%emt 0:00:14]} Re4 {[%emt 0:00:02]} 37. Nc2 {[%emt
0:00:03]} Rc4 {[%emt 0:00:04]} 38. Nb4 {[%emt 0:00:01]} Rc5 {[%emt 0:00:14]}
39. Nd5+ {[%emt 0:00:02]} Kf7 {[%emt 0:00:03]} 40. Nc3 {[%emt 0:00:29]} b5
{[%emt 0:00:04]} 41. Rf2 { [%emt 0:00:02]} a5 {[%emt 0:00:04]} 42. Ne4 {[%emt
0:00:01]} Rf5 {[%emt 0:00:07]} 43. Nd6+ {[%emt 0:00:01]} Ke7 {[%emt 0:00:02]}
44. Nxf5+ {[%emt 0:00:01]} gxf5 {[%emt 0:00:01]} 45. Rxf5 {[%emt 0:00:00]} b4
{[%emt 0:00:02]} 46. Rxa5 { [%emt 0:00:02]} bxa3 {[%emt 0:00:02]} 47. Rxa3
{[%emt 0:00:03]} Nd4 {[%emt 0:00:01]} 48. Rd3 {[%emt 0:00:04]} Nc2 {[%emt
0:00:04]} 49. Kf2 {[%emt 0:00:14]} Ke6 {[%emt 0:00:05]} 50. h4 {[%emt 0:00:02]}
Nb4 {[%emt 0:00:02]} 51. Re3+ { [%emt 0:00:02]} Kd5 {[%emt 0:00:03]} 52. h5
{[%emt 0:00:04]} Nc2 {[%emt 0:00:01]} 53. h6 {[%emt 0:00:03]} Nd4 {[%emt
0:00:01]} 54. h7 {[%emt 0:00:02]} Nf5 { [%emt 0:00:03]} 55. h8=Q {[%emt
0:00:02]} Nxe3 {[%emt 0:00:02]} 56. Kxe3 { [%emt 0:00:00]} f5 {[%emt 0:00:04]}
57. Qd4+ {[%emt 0:00:02]} Ke6 {[%emt 0:00:02]} 58. Kf4 {[%emt 0:00:01]} Kf7
{[%emt 0:00:05]} 59. Kxf5 {[%emt 0:00:02]} Ke7 {[%emt 0:00:01]} 60. Qf6+ {[%emt
0:00:03]} Kd7 {[%emt 0:00:01]} 61. Qe6+ { [%emt 0:00:02]} Kc7 {[%emt 0:00:01]}
62. Ke5 {[%emt 0:00:01]} Kb7 {[%emt 0:00:01]} 63. Kd5 {[%emt 0:00:01]} Kc7
{[%emt 0:00:02]} 64. Qc6+ {[%emt 0:00:02]} Kb8 {[%emt 0:00:02]} 65. g4 {[%emt
0:00:05]} Ka7 {[%emt 0:00:02]} 66. g5 { [%emt 0:00:01]} Kb8 {[%emt 0:00:02]}
67. Kc5 {[%emt 0:00:04]} Ka7 {[%emt 0:00:02]} 68. Qc7+ {[%emt 0:00:17]} Ka8
{[%emt 0:00:04]} 69. Qa5+ {[%emt 0:00:02]} Kb8 {[%emt 0:00:03]} 70. Kc6 {[%emt
0:00:03]} Kc8 {[%emt 0:00:02]} 71. Qc7# { [%emt 0:00:01]} 1-0

[Event "DSJ Weihnachtsturnier U16: Lasker 2020"]
[Site ""]
[Date "2020.12.28"]
[Round "3"]
[White "Klugstedt, Vincent"]
[Black "Ajdari, Ardian"]
[Result "1-0"]
[Termination "normal"]
[Board "7.2"]
[WhiteElo "1928"]
[BlackElo "1560"]
[WhiteTeam "Schachgesellschaft Bochum 1931"]
[BlackTeam "Schachfreunde Gern"]
[PlyCount "117"]
[WhiteFideId "16216393"]
[BlackFideId "34603662"]
[EventRounds "7"]
[EventType "team-swiss"]
[EventDate "2020.12.28"]

1. d4 {[%emt 0:00:35]} Nf6 {[%emt 0:00:44]} 2. c4 {[%emt 0:00:04]} e6 {[%emt
0:00:03]} 3. Nc3 {[%emt 0:00:18]} Bb4 {[%emt 0:00:03]} 4. Qc2 {[%emt 0:00:05]}
c5 {[%emt 0:00:12]} 5. dxc5 {[%emt 0:00:06]} Na6 {[%emt 0:00:25]} 6. Nf3 {[%emt
0:00:16]} Nxc5 {[%emt 0:00:09]} 7. e3 {[%emt 0:00:17]} O-O {[%emt 0:00:16]} 8.
Be2 {[%emt 0:00:03]} d5 {[%emt 0:00:05]} 9. cxd5 {[%emt 0:00:03]} Nxd5 { [%emt
0:00:03]} 10. O-O {[%emt 0:00:02]} Nxc3 {[%emt 0:00:27]} 11. bxc3 { [%emt
0:00:03]} Ba5 {[%emt 0:00:01]} 12. Ba3 {[%emt 0:00:03]} Qc7 {[%emt 0:00:14]}
13. Nd4 {[%emt 0:00:17]} Rd8 {[%emt 0:00:18]} 14. Rfd1 {[%emt 0:00:10]} a6
{[%emt 0:00:20]} 15. h3 {[%emt 0:00:11]} e5 {[%emt 0:00:17]} 16. Bxc5 {[%emt
0:00:20]} Qxc5 {[%emt 0:00:05]} 17. Nb3 {[%emt 0:00:02]} Qc7 {[%emt 0:00:57]}
18. Rxd8+ {[%emt 0:00:17]} Qxd8 {[%emt 0:00:02]} 19. Rd1 {[%emt 0:00:04]} Qc7 {
[%emt 0:00:01]} 20. Qd3 {[%emt 0:00:06]} Be6 {[%emt 0:00:14]} 21. c4 {[%emt
0:00:17]} h6 {[%emt 0:01:03]} 22. Bf3 {[%emt 0:00:47]} Bxc4 {[%emt 0:00:35]}
23. Qd7 {[%emt 0:00:45]} Bxb3 {[%emt 0:00:24]} 24. axb3 {[%emt 0:00:10]} Rb8 {
[%emt 0:00:33]} 25. Qxc7 {[%emt 0:00:07]} Bxc7 {[%emt 0:00:03]} 26. Rd7 { [%emt
0:00:02]} Bd8 {[%emt 0:00:26]} 27. Bxb7 {[%emt 0:00:16]} Bf6 {[%emt 0:00:07]}
28. Bxa6 {[%emt 0:00:11]} Rxb3 {[%emt 0:00:03]} 29. Bc4 {[%emt 0:00:02]} Rb1+
{[%emt 0:00:03]} 30. Kh2 {[%emt 0:00:01]} e4 {[%emt 0:00:08]} 31. Rxf7 { [%emt
0:00:20]} Be5+ {[%emt 0:00:03]} 32. g3 {[%emt 0:00:02]} Rc1 {[%emt 0:00:14]}
33. Re7+ {[%emt 0:00:28]} Rxc4 {[%emt 0:00:08]} 34. Rxe5 {[%emt 0:00:06]} Kf7
{[%emt 0:00:02] SF-Gern1-002 offers a draw} 35. Ra5 {[%emt 0:00:36]} Ke6 {
[%emt 0:00:40]} 36. g4 {[%emt 0:00:11]} Rc1 {[%emt 0:00:09]} 37. Kg3 {[%emt
0:00:05]} Rg1+ {[%emt 0:00:02]} 38. Kf4 {[%emt 0:00:06]} Rf1 {[%emt 0:00:02]}
39. Kxe4 {[%emt 0:00:06]} Rxf2 {[%emt 0:00:02]} 40. Ra6+ {[%emt 0:00:02]} Kf7 {
[%emt 0:00:05]} 41. h4 {[%emt 0:00:05]} Rh2 {[%emt 0:00:11]} 42. h5 {[%emt
0:00:03]} Rf2 {[%emt 0:00:01]} 43. Ke5 {[%emt 0:00:06]} Rg2 {[%emt 0:00:17]}
44. Ra7+ {[%emt 0:00:09]} Kg8 {[%emt 0:00:07]} 45. Kf4 {[%emt 0:00:05]} Rf2+ {
[%emt 0:00:02]} 46. Kg3 {[%emt 0:00:02]} Re2 {[%emt 0:00:02]} 47. Kf3 {[%emt
0:00:01]} Re1 {[%emt 0:00:01]} 48. e4 {[%emt 0:00:01]} Rf1+ {[%emt 0:00:02]}
49. Ke3 {[%emt 0:00:06]} Re1+ {[%emt 0:00:02]} 50. Kf4 {[%emt 0:00:06]} Rb1 {
[%emt 0:00:18]} 51. e5 {[%emt 0:00:03]} Rb6 {[%emt 0:00:02]} 52. Kf5 {[%emt
0:00:02]} Kf8 {[%emt 0:00:05]} 53. e6 {[%emt 0:00:03]} Rb5+ {[%emt 0:00:03]}
54. Kf4 {[%emt 0:00:10]} Rg5 {[%emt 0:00:05]} 55. Rf7+ {[%emt 0:00:07]} Ke8 {
[%emt 0:00:03]} 56. Rf5 {[%emt 0:00:03]} Ke7 {[%emt 0:00:10]} 57. Rxg5 { [%emt
0:00:06]} hxg5+ {[%emt 0:00:01]} 58. Kxg5 {[%emt 0:00:01]} Kxe6 {[%emt
0:00:00]} 59. Kg6 {[%emt 0:00:01]} 1-0

[Event "DSJ Weihnachtsturnier U16: Lasker 2020"]
[Site ""]
[Date "2020.12.28"]
[Round "3"]
[White "Hofmann, Benjamin"]
[Black "Shaik, Zhafar"]
[Result "1-0"]
[Termination "normal"]
[Board "7.4"]
[WhiteElo "1489"]
[BlackElo "833"]
[WhiteTeam "Schachgesellschaft Bochum 1931"]
[BlackTeam "Schachfreunde Gern"]
[PlyCount "33"]
[WhiteFideId "16270266"]
[BlackFideId "34645071"]
[EventRounds "7"]
[EventType "team-swiss"]
[EventDate "2020.12.28"]

1. e4 {[%emt 0:00:06]} d5 {[%emt 0:00:02]} 2. exd5 {[%emt 0:00:06]} Nf6 { [%emt
0:00:02]} 3. c4 {[%emt 0:00:06]} Nbd7 {[%emt 0:00:30]} 4. d4 {[%emt 0:00:12]}
e6 {[%emt 0:00:16]} 5. dxe6 {[%emt 0:00:03]} fxe6 {[%emt 0:00:00]} 6. Nf3
{[%emt 0:00:02]} b6 {[%emt 0:00:13]} 7. Nc3 {[%emt 0:00:18]} Bb7 {[%emt
0:00:24]} 8. Be2 {[%emt 0:00:12]} Bb4 {[%emt 0:00:05]} 9. O-O {[%emt 0:00:10]}
Bxf3 {[%emt 0:00:11]} 10. Bxf3 {[%emt 0:00:05]} Rb8 {[%emt 0:00:14]} 11. Bg5 {
[%emt 0:00:03]} Bxc3 {[%emt 0:00:25]} 12. bxc3 {[%emt 0:00:04]} e5 {[%emt
0:00:21]} 13. Re1 {[%emt 0:00:06]} O-O {[%emt 0:00:07]} 14. dxe5 {[%emt
0:00:13]} h6 {[%emt 0:00:48]} 15. exf6 {[%emt 0:00:46]} hxg5 {[%emt 0:00:15]}
16. Bd5+ { [%emt 0:00:09]} Kh7 {[%emt 0:00:15]} 17. Qh5# {[%emt 0:00:02]} 1-0

[Event "DSJ Weihnachtsturnier U16: Lasker 2020"]
[Site ""]
[Date "2020.12.28"]
[Round "3"]
[White "Dittenberger, Nico"]
[Black "Wiedenbruch, Paul"]
[Result "0-1"]
[Termination "normal"]
[Board "8.1"]
[WhiteElo "1419"]
[BlackElo "1894"]
[WhiteTeam "SC Landskrone"]
[BlackTeam "Düsseldorfer Schachklub 14/25"]
[PlyCount "60"]
[WhiteFideId "12996254"]
[BlackFideId "16207343"]
[EventRounds "7"]
[EventType "team-swiss"]
[EventDate "2020.12.28"]

1. e4 {[%emt 0:00:06]} c5 {[%emt 0:00:06]} 2. Nf3 {[%emt 0:00:02]} d6 {[%emt
0:00:01]} 3. d4 {[%emt 0:00:02]} cxd4 {[%emt 0:00:00]} 4. Nxd4 {[%emt 0:00:06]}
Nf6 {[%emt 0:00:01]} 5. Nc3 {[%emt 0:00:02]} Nc6 {[%emt 0:00:01]} 6. Nxc6 {
[%emt 0:00:03]} bxc6 {[%emt 0:00:02]} 7. Bg5 {[%emt 0:00:19]} Qa5 {[%emt
0:00:46]} 8. Bxf6 {[%emt 0:00:17]} gxf6 {[%emt 0:00:00]} 9. Qd2 {[%emt
0:00:03]} h5 {[%emt 0:00:14]} 10. Nb1 {[%emt 0:00:29]} Qe5 {[%emt 0:00:14]} 11.
Nc3 { [%emt 0:00:16]} Bh6 {[%emt 0:00:03]} 12. Qd3 {[%emt 0:00:14]} f5 {[%emt
0:00:17]} 13. f3 {[%emt 0:00:06]} Rb8 {[%emt 0:00:31]} 14. Rb1 {[%emt 0:00:24]}
Bg7 {[%emt 0:00:18]} 15. Nd1 {[%emt 0:00:39]} Qa5+ {[%emt 0:00:29]} 16. Qd2 {
[%emt 0:00:47]} Qxa2 {[%emt 0:00:06]} 17. Rc1 {[%emt 0:00:11]} fxe4 {[%emt
0:00:14]} 18. fxe4 {[%emt 0:00:07]} Bh6 {[%emt 0:00:01]} 19. Qc3 {[%emt
0:00:13]} Rg8 {[%emt 0:00:31]} 20. Qxc6+ {[%emt 0:00:11]} Bd7 {[%emt 0:00:02]}
21. Qc4 { [%emt 0:00:17]} Qxc4 {[%emt 0:00:12]} 22. Bxc4 {[%emt 0:00:03]} Bxc1
{[%emt 0:00:01]} 23. O-O {[%emt 0:00:13]} Be6 {[%emt 0:00:10]} 24. Bxe6 {[%emt
0:00:16]} fxe6 {[%emt 0:00:03]} 25. Nf2 {[%emt 0:00:02]} Be3 {[%emt 0:00:03]}
26. Re1 { [%emt 0:00:21]} Bb6 {[%emt 0:00:03]} 27. e5 {[%emt 0:00:02]} Rf8
{[%emt 0:00:03]} 28. Re2 {[%emt 0:00:03]} Rxf2 {[%emt 0:00:02]} 29. Rxf2 {[%emt
0:00:02]} Bxf2+ {[%emt 0:00:00]} 30. Kxf2 {[%emt 0:00:01]} Rxb2 {[%emt
0:00:01]} 0-1

[Event "DSJ Weihnachtsturnier U16: Lasker 2020"]
[Site ""]
[Date "2020.12.28"]
[Round "3"]
[White "Rudolph, Eva"]
[Black "Behr, Julian"]
[Result "1-0"]
[Termination "time forfeit"]
[Board "8.2"]
[WhiteElo "1860"]
[BlackElo "1623"]
[WhiteTeam "Düsseldorfer Schachklub 14/25"]
[BlackTeam "SC Landskrone"]
[PlyCount "83"]
[WhiteFideId "16200594"]
[BlackFideId "16255410"]
[EventRounds "7"]
[EventType "team-swiss"]
[EventDate "2020.12.28"]

1. e4 {[%emt 0:00:00] Restarted W (13.22e) Restarted W (13.22e) Restarted B
(13.22e) OK OK} e5 {[%emt 0:00:05]} 2. Nf3 {[%emt 0:00:03]} Nc6 {[%emt 0:00:09]
} 3. d4 {[%emt 0:00:03]} exd4 {[%emt 0:00:05]} 4. Nxd4 {[%emt 0:00:03]
Landskr2-002 reconnected.} Bc5 {[%emt 0:00:42]} 5. Nb3 {[%emt 0:00:05]} Bb6 {
[%emt 0:00:11]} 6. Qe2 {[%emt 0:00:04] Landskr2-002 reconnected.} Qe7 {[%emt
0:00:46]} 7. Nc3 {[%emt 0:00:13] Landskr2-002 reconnected.} d6 {[%emt 0:00:18]}
8. Nd5 {[%emt 0:00:41] Landskr2-002 reconnected.} Qh4 {[%emt 0:00:18]
Landskr2-002 reconnected. Landskr2-002 reconnected.} 9. Be3 {[%emt 0:00:59]
Landskr2-002 reconnected.} Nf6 {[%emt 0:00:17]} 10. Bxb6 {[%emt 0:00:35]
Landskr2-002 reconnected. Landskr2-002 reconnected.} axb6 {[%emt 0:00:35]} 11.
Nxc7+ {[%emt 0:00:09] Landskr2-002 reconnected.} Kd8 {[%emt 0:00:22]} 12. Nxa8
{[%emt 0:00:12]} Bg4 {[%emt 0:00:18]} 13. Qe3 {[%emt 0:00:13]} Ng8 {[%emt
0:00:40]} 14. Be2 {[%emt 0:00:34]} Nf6 {[%emt 0:00:06]} 15. O-O-O {[%emt
0:00:22] Landskr2-002 reconnected.} Bxe2 {[%emt 0:00:51]} 16. Qxe2 {[%emt
0:00:06]} Nxe4 {[%emt 0:00:09]} 17. f3 {[%emt 0:00:22]} Qf4+ {[%emt 0:00:05]}
18. Kb1 { [%emt 0:00:05]} Nc5 {[%emt 0:00:13]} 19. Nxb6 {[%emt 0:00:25]
Landskr2-002 reconnected.} Re8 {[%emt 0:00:46]} 20. Qd2 {[%emt 0:00:11]
Landskr2-002 reconnected.} Qxd2 {[%emt 0:00:30]} 21. Rxd2 {[%emt 0:00:05]} Kc7
{[%emt 0:00:07]} 22. Nd5+ {[%emt 0:00:08]} Kd7 {[%emt 0:00:03]} 23. Nxc5+
{[%emt 0:00:03]} dxc5 {[%emt 0:00:08]} 24. Nf6+ {[%emt 0:00:02]} Ke7 {[%emt
0:00:09]} 25. Nxe8 { [%emt 0:00:03]} Kxe8 {[%emt 0:00:03]} 26. Re1+ {[%emt
0:00:03]} Kf8 {[%emt 0:00:03]} 27. Rd7 {[%emt 0:00:07] Landskr2-002
reconnected.} g6 {[%emt 0:00:51]} 28. Rxb7 {[%emt 0:00:07] Landskr2-002
reconnected.} c4 {[%emt 0:00:25]} 29. Rc7 {[%emt 0:00:05]} Na5 {[%emt 0:00:04]}
30. Ree7 {[%emt 0:00:05] Landskr2-002 reconnected.} Kg7 {[%emt 0:00:20]} 31.
Rxf7+ {[%emt 0:00:05]} Kh6 {[%emt 0:00:05]} 32. Rxh7+ {[%emt 0:00:04]} Kg5
{[%emt 0:00:01]} 33. h4+ {[%emt 0:00:02] Landskr2-002 reconnected.} Kf6 {[%emt
0:00:29]} 34. Rhf7+ {[%emt 0:00:15]} Ke6 {[%emt 0:00:05]} 35. Rg7 {[%emt
0:00:11] Landskr2-002 reconnected.} Kf6 { [%emt 0:00:05]} 36. Rg8 {[%emt
0:00:07]} Kf5 {[%emt 0:00:11]} 37. Rc5+ { [%emt 0:00:03]} Kf6 {[%emt 0:00:02]}
38. Rxa5 {[%emt 0:00:02]} c3 {[%emt 0:00:05]} 39. b4 {[%emt 0:00:08]} Ke6
{[%emt 0:00:03]} 40. b5 {[%emt 0:00:02]} Kd6 { [%emt 0:00:00]} 41. Rc8 {[%emt
0:00:02]} g5 {[%emt 0:00:07]} 42. b6 {[%emt 0:00:03] Landskr2-002 reconnected.
TimeB} 1-0

[Event "DSJ Weihnachtsturnier U16: Lasker 2020"]
[Site ""]
[Date "2020.12.28"]
[Round "3"]
[White "Kalina, Lena"]
[Black "Mukovskiy, Peter"]
[Result "1-0"]
[Termination "normal"]
[Board "8.3"]
[WhiteElo "1585"]
[BlackElo "1721"]
[WhiteTeam "SC Landskrone"]
[BlackTeam "Düsseldorfer Schachklub 14/25"]
[PlyCount "69"]
[WhiteFideId "12988014"]
[BlackFideId "16236998"]
[EventRounds "7"]
[EventType "team-swiss"]
[EventDate "2020.12.28"]

1. d4 {[%emt 0:00:04]} f5 {[%emt 0:00:02]} 2. c4 {[%emt 0:00:03]} Nf6 {[%emt
0:00:04]} 3. Nc3 {[%emt 0:00:04]} e6 {[%emt 0:00:01]} 4. g3 {[%emt 0:00:06]}
Bb4 {[%emt 0:00:04]} 5. Bg2 {[%emt 0:00:04]} O-O {[%emt 0:00:02]} 6. e3 {[%emt
0:00:13]} d6 {[%emt 0:00:03]} 7. Nge2 {[%emt 0:00:02]} Nc6 {[%emt 0:00:24]} 8.
O-O {[%emt 0:00:04]} e5 {[%emt 0:00:04]} 9. dxe5 {[%emt 0:00:14]} Nxe5 { [%emt
0:00:09]} 10. Nd5 {[%emt 0:00:20]} Nxd5 {[%emt 0:00:04]} 11. Bxd5+ { [%emt
0:00:06]} Kh8 {[%emt 0:00:05]} 12. a3 {[%emt 0:00:06]} Bc5 {[%emt 0:00:07]} 13.
b4 {[%emt 0:00:03]} Bb6 {[%emt 0:00:02]} 14. Bb2 {[%emt 0:00:06]} c6 { [%emt
0:00:07]} 15. Bxe5 {[%emt 0:00:12]} dxe5 {[%emt 0:00:15]} 16. Bg2 { [%emt
0:00:07]} Qg5 {[%emt 0:00:25]} 17. Nc3 {[%emt 0:00:32]} Bxe3 {[%emt 0:00:43]}
18. Qe2 {[%emt 0:01:18]} Bd4 {[%emt 0:00:11]} 19. Rac1 {[%emt 0:00:04]} f4
{[%emt 0:00:13]} 20. Ne4 {[%emt 0:00:17]} Qg6 {[%emt 0:00:30]} 21. Kh1 { [%emt
0:00:46]} Bf5 {[%emt 0:00:58]} 22. c5 {[%emt 0:00:22]} Rad8 {[%emt 0:00:53]}
23. Rcd1 {[%emt 0:00:23]} Bg4 {[%emt 0:00:31]} 24. f3 {[%emt 0:00:11]} Be6
{[%emt 0:00:28]} 25. g4 {[%emt 0:00:07]} Bd5 {[%emt 0:00:28]} 26. Nd6 {[%emt
0:00:21]} Rxd6 {[%emt 0:00:02]} 27. cxd6 {[%emt 0:00:02]} Qxd6 {[%emt 0:00:01]}
28. Qd3 {[%emt 0:00:17]} b5 {[%emt 0:00:13]} 29. Rfe1 {[%emt 0:00:18]} Bc4 {
[%emt 0:00:30]} 30. Qc2 {[%emt 0:00:24]} Rf6 {[%emt 0:00:24]} 31. Bf1 {[%emt
0:00:22]} Bd5 {[%emt 0:00:08]} 32. Kg2 {[%emt 0:00:03]} e4 {[%emt 0:00:26]} 33.
Rxe4 {[%emt 0:00:24]} Bxe4 {[%emt 0:00:20]} 34. Qxe4 {[%emt 0:00:02]} Re6 {
[%emt 0:01:13]} 35. Qxd4 {[%emt 0:00:08]} 1-0

[Event "DSJ Weihnachtsturnier U16: Lasker 2020"]
[Site ""]
[Date "2020.12.28"]
[Round "3"]
[White "Krstovic, Marko"]
[Black "Müller, Riyanna"]
[Result "1-0"]
[Termination "normal"]
[Board "8.4"]
[WhiteElo "1455"]
[BlackElo "1364"]
[WhiteTeam "Düsseldorfer Schachklub 14/25"]
[BlackTeam "SC Landskrone"]
[PlyCount "163"]
[WhiteFideId "16278003"]
[BlackFideId "16287401"]
[EventRounds "7"]
[EventType "team-swiss"]
[EventDate "2020.12.28"]

1. d4 {[%emt 0:00:04]} d5 {[%emt 0:00:02]} 2. c4 {[%emt 0:00:00]} dxc4 { [%emt
0:00:00]} 3. e3 {[%emt 0:00:04]} Nf6 {[%emt 0:00:07]} 4. Nf3 {[%emt 0:00:04]}
e6 {[%emt 0:00:02]} 5. Bxc4 {[%emt 0:00:01]} a6 {[%emt 0:00:19]} 6. Nc3 { [%emt
0:00:04]} b5 {[%emt 0:00:05]} 7. Be2 {[%emt 0:00:04]} c5 {[%emt 0:00:07]} 8.
dxc5 {[%emt 0:00:02]} Qxd1+ {[%emt 0:00:03]} 9. Bxd1 {[%emt 0:00:02]} Bxc5 {
[%emt 0:00:01]} 10. Bd2 {[%emt 0:00:06]} Bb7 {[%emt 0:00:05]} 11. Rc1 {[%emt
0:00:08]} Bb6 {[%emt 0:00:37]} 12. Be2 {[%emt 0:00:11]} O-O {[%emt 0:00:07]}
13. O-O {[%emt 0:00:02]} Nbd7 {[%emt 0:00:08]} 14. Rfd1 {[%emt 0:00:02]} Rac8 {
[%emt 0:00:14]} 15. h3 {[%emt 0:00:32]} Rc7 {[%emt 0:00:28]} 16. Nb1 {[%emt
0:00:18]} Rfc8 {[%emt 0:00:05]} 17. Rxc7 {[%emt 0:00:03]} Rxc7 {[%emt 0:00:05]}
18. Rc1 {[%emt 0:00:01]} Rxc1+ {[%emt 0:00:06]} 19. Bxc1 {[%emt 0:00:00]} Kf8 {
[%emt 0:00:03]} 20. Kf1 {[%emt 0:00:02]} Ke7 {[%emt 0:00:02]} 21. Bd2 {[%emt
0:00:06]} Bd5 {[%emt 0:00:21]} 22. Nc3 {[%emt 0:00:03]} Bb7 {[%emt 0:00:28]}
23. Bd3 {[%emt 0:00:19]} h6 {[%emt 0:00:11]} 24. Ne2 {[%emt 0:00:08]} e5 {[%emt
0:00:24]} 25. Nh4 {[%emt 0:00:15]} g6 {[%emt 0:00:46]} 26. Ng3 {[%emt 0:00:19]}
Nc5 {[%emt 0:00:29]} 27. Bc2 {[%emt 0:00:16]} Ke6 {[%emt 0:00:22]} 28. f3 {
[%emt 0:00:19]} h5 {[%emt 0:00:30]} 29. e4 {[%emt 0:00:19]} Nfd7 {[%emt
0:00:31]} 30. Ne2 {[%emt 0:00:32]} Nb8 {[%emt 0:00:24]} 31. Nc3 {[%emt
0:00:33]} Nc6 {[%emt 0:00:06]} 32. a3 {[%emt 0:00:16]} Nd4 {[%emt 0:00:07]} 33.
Bd1 {[%emt 0:00:36]} Ncb3 {[%emt 0:00:17]} 34. Bxb3+ {[%emt 0:00:18]} Nxb3
{[%emt 0:00:03]} 35. Bh6 {[%emt 0:00:15]} Nd4 {[%emt 0:00:17]} 36. Ne2 {[%emt
0:00:07]} Nxe2 { [%emt 0:00:04]} 37. Kxe2 {[%emt 0:00:03]} Bd4 {[%emt 0:00:02]}
38. Bc1 { [%emt 0:00:10]} a5 {[%emt 0:00:06]} 39. b4 {[%emt 0:00:10]} axb4
{[%emt 0:00:12]} 40. axb4 {[%emt 0:00:02]} Bc8 {[%emt 0:00:09]} 41. Kd3 {[%emt
0:00:07]} Kd6 {[%emt 0:00:07]} 42. Be3 {[%emt 0:00:07]} Bxe3 {[%emt 0:00:09]}
43. Kxe3 { [%emt 0:00:01]} g5 {[%emt 0:00:01]} 44. Nf5+ {[%emt 0:00:02]} Bxf5
{[%emt 0:00:01]} 45. exf5 {[%emt 0:00:01]} Kd5 {[%emt 0:00:04]} 46. f6 {[%emt
0:00:16]} Kc4 {[%emt 0:00:07]} 47. Ke4 {[%emt 0:00:49]} Kxb4 {[%emt 0:00:02]}
48. Kxe5 { [%emt 0:00:01]} Kc3 {[%emt 0:00:05]} 49. Kd6 {[%emt 0:00:01]} b4
{[%emt 0:00:01]} 50. Ke7 {[%emt 0:00:01]} b3 {[%emt 0:00:01]} 51. Kxf7 {[%emt
0:00:01]} b2 {[%emt 0:00:01]} 52. Kg7 {[%emt 0:00:01]} b1=Q {[%emt 0:00:01]}
53. f7 { [%emt 0:00:01]} Qb7 {[%emt 0:00:09]} 54. Kg8 {[%emt 0:00:01]} Qc8+
{[%emt 0:00:04]} 55. f8=Q {[%emt 0:00:02]} Qxf8+ {[%emt 0:00:02]} 56. Kxf8
{[%emt 0:00:01]} Kd2 {[%emt 0:00:01]} 57. Kg7 {[%emt 0:00:01]} Ke3 {[%emt
0:00:00]} 58. Kg6 { [%emt 0:00:01]} Kf2 {[%emt 0:00:01]} 59. Kxg5 {[%emt
0:00:01]} Kxg2 {[%emt 0:00:03]} 60. Kxh5 {[%emt 0:00:10]} Kxf3 {[%emt 0:00:02]}
61. Kg5 {[%emt 0:00:04] } Ke4 {[%emt 0:00:06]} 62. h4 {[%emt 0:00:01]} Ke5
{[%emt 0:00:00]} 63. h5 { [%emt 0:00:02]} Ke6 {[%emt 0:00:00]} 64. Kg6 {[%emt
0:00:01]} Ke7 {[%emt 0:00:01]} 65. Kg7 {[%emt 0:00:01]} Ke6 {[%emt 0:00:01]}
66. h6 {[%emt 0:00:01]} Kf5 {[%emt 0:00:00]} 67. h7 {[%emt 0:00:01]} Kf4 {[%emt
0:00:00]} 68. h8=Q { [%emt 0:00:01]} Ke4 {[%emt 0:00:01]} 69. Qh5 {[%emt
0:00:01]} Kd4 {[%emt 0:00:01]} 70. Qf5 {[%emt 0:00:02]} Ke3 {[%emt 0:00:02]}
71. Qg4 {[%emt 0:00:03]} Kd3 {[%emt 0:00:01]} 72. Kf6 {[%emt 0:00:00]} Ke3
{[%emt 0:00:01]} 73. Ke5 { [%emt 0:00:01]} Kd3 {[%emt 0:00:01]} 74. Qe4+ {[%emt
0:00:01]} Kd2 {[%emt 0:00:02]} 75. Qf3 {[%emt 0:00:02]} Kc2 {[%emt 0:00:01]}
76. Qe3 {[%emt 0:00:01]} Kb2 {[%emt 0:00:02]} 77. Kd4 {[%emt 0:00:05]} Kc2
{[%emt 0:00:02]} 78. Qd3+ { [%emt 0:00:32]} Kb2 {[%emt 0:00:05]} 79. Qc3+
{[%emt 0:00:02]} Kb1 {[%emt 0:00:01]} 80. Qd2 {[%emt 0:00:03]} Ka1 {[%emt
0:00:01]} 81. Kc3 {[%emt 0:00:01]} Kb1 {[%emt 0:00:00]} 82. Qb2# {[%emt
0:00:02]} 1-0